A history of Western society / (Record no. 500)
[ view plain ]
| 000 -LEADER | |
|---|---|
| fixed length control field | 01076cam a2200325 a 4500 |
| 001 - CONTROL NUMBER | |
| control field | 12906853 |
| 003 - CONTROL NUMBER IDENTIFIER | |
| control field | GZU |
| 005 - DATE AND TIME OF LATEST TRANSACTION | |
| control field | 20200902110858.0 |
| 008 - FIXED-LENGTH DATA ELEMENTS--GENERAL INFORMATION | |
| fixed length control field | 020826s2003 mauab b 001 0 eng |
| 010 ## - LIBRARY OF CONGRESS CONTROL NUMBER | |
| LC control number | 2001133308 |
| 020 ## - INTERNATIONAL STANDARD BOOK NUMBER | |
| International Standard Book Number | 0618170464 |
| 020 ## - INTERNATIONAL STANDARD BOOK NUMBER | |
| International Standard Book Number | 0618170499 |
| 040 ## - CATALOGING SOURCE | |
| Original cataloging agency | DLC |
| Transcribing agency | DLC |
| 043 ## - GEOGRAPHIC AREA CODE | |
| Geographic area code | e------ |
| 050 00 - LIBRARY OF CONGRESS CALL NUMBER | |
| Classification number | CB245 |
| Item number | .McK 2003 |
| 100 1# - MAIN ENTRY--PERSONAL NAME | |
| Personal name | McKay, John P. |
| Relator term | author |
| 245 12 - TITLE STATEMENT | |
| Title | A history of Western society / |
| Statement of responsibility, etc. | John P. McKay, Bennett D. Hill, John Buckler. |
| 250 ## - EDITION STATEMENT | |
| Edition statement | 7th ed. |
| 260 ## - PUBLICATION, DISTRIBUTION, ETC. | |
| Place of publication, distribution, etc. | Boston : |
| Name of publisher, distributor, etc. | Houghton Mifflin, |
| Date of publication, distribution, etc. | c2003. |
| 300 ## - PHYSICAL DESCRIPTION | |
| Extent | xxxii, 1063, I-42, [10] p. : |
| Other physical details | ill., maps (some col.) ; |
| Dimensions | 27 cm. |
| 500 ## - GENERAL NOTE | |
| General note | Includes bibliographical references and index. |
| 504 ## - BIBLIOGRAPHY, ETC. NOTE | |
| Bibliography, etc. note | Includes bibliographical references and index. |
| 650 #0 - SUBJECT ADDED ENTRY--TOPICAL TERM | |
| Topical term or geographic name entry element | Civilization, Western |
| General subdivision | History. |
| 651 #0 - SUBJECT ADDED ENTRY--GEOGRAPHIC NAME | |
| Geographic name | Europe |
| General subdivision | Civilization. |
| 700 1# - ADDED ENTRY--PERSONAL NAME | |
| Personal name | Hill, Bennett D. |
| Relator term | author |
| 700 1# - ADDED ENTRY--PERSONAL NAME | |
| Personal name | Buckler, John. |
| Relator term | author |
| 906 ## - LOCAL DATA ELEMENT F, LDF (RLIN) | |
| a | 7 |
| b | cbc |
| c | origcop |
| d | 2 |
| e | ncip |
| f | 20 |
| g | y-gencatlg |
| 942 ## - ADDED ENTRY ELEMENTS (KOHA) | |
| Koha item type | Books |
| Edition | 7th ed. |
| Classification part | 245 |
| Item part | McK |
| Call number prefix | CB |
| Source of classification or shelving scheme | Library of Congress Classification |
| Withdrawn status | Lost status | Source of classification or shelving scheme | Damaged status | Not for loan | Collection code | Home library | Current library | Shelving location | Date acquired | Total Checkouts | Full call number | Barcode | Date last seen | Copy number | Price effective from | Koha item type | Inventory number |
|---|---|---|---|---|---|---|---|---|---|---|---|---|---|---|---|---|---|
| Library of Congress Classification | Non-fiction | City Campus Library | City Campus Library | General Stacks | 11/21/2006 | CB245 McK 2003 | 004241 | 09/02/2020 | c. 1 | 09/02/2020 | Books | ||||||
| Library of Congress Classification | Non-fiction | City Campus Library | City Campus Library | General Stacks | 11/21/2006 | CB245 McK 2003 | 002383 | 09/02/2020 | c. 2 | 09/02/2020 | Books | ||||||
| Library of Congress Classification | Non-fiction | City Campus Library | City Campus Library | General Stacks | 11/21/2006 | CB245 McK 2003 | 000734 | 09/02/2020 | c. 3 | 09/02/2020 | Books | ||||||
| Library of Congress Classification | Non-fiction | City Campus Library | City Campus Library | General Stacks | 06/21/2006 | CB245 McK 2003 | 004262 | 09/02/2020 | c. 4 | 09/02/2020 | Books | ||||||
| Library of Congress Classification | Non-fiction | City Campus Library | City Campus Library | General Stacks | 11/21/2006 | CB245 McK 2003 | 6261 | 09/02/2020 | c. 5 | 09/02/2020 | Books | ||||||
| Non-fiction | City Campus Library | City Campus Library | General Stacks | 09/02/2020 | CB255 MCK 2003 | G22739 | 09/02/2020 | c.6 | 09/02/2020 | Books | |||||||
| Non-fiction | City Campus Library | City Campus Library | General Stacks | 09/02/2020 | CB255 MCK 2003 | 013842 | 09/02/2020 | c.7 | 09/02/2020 | Books | |||||||
| Non-fiction | City Campus Library | City Campus Library | General Stacks | 09/02/2020 | CB255 MCK 2003 | G22809 | 09/02/2020 | c.8 | 09/02/2020 | Books | |||||||
| Non-fiction | Mashava Campus Library | Mashava Campus Library | General Stacks | 05/05/2021 | CB255 MCK 2003 | B018509 | 05/05/2021 | c.9 | 05/05/2021 | Books | 6259 |